01012cam a22002775a 4500001001000000003000400010005001700014008004100031020002500072040003600097082002000133100003700153245008200190260004300272300002400315490005800339500003300397500002600430504003300456650002900489651001000518653002500528942000800553999001700561952015600578017419038OSt20160302121238.0150318s2011 nyu frb 001 0 eng d a9781137540744 (pbk.) aStDuBDSbengcStDuBDSdEG-ScBUE04a340.59bDAW2221 aAl-Dawoody, Ahmed,d1973-93946214aThe Islamic law of war :bjustifications and regulations /cAhmed Al-Dawoody. aNew York :bPalgrave Macmillan,c2011. ax, 338 p. ;c22 cm.0 aPalgrave series in Islamic theology, law, and history aOriginally published : 2011. aIndex : p. [327]-338. aBibliography : p. [205]-325. 0aWar (Islamic law)2BUEsh 2BUEsh bLLAAWWcFebruary2016 2ddc c21282d21254 00102ddc40708MERICaMAINbMAINc1STd2016-02-29ePurchaseg340.00h16597l1m16o340.59 DAWp000031760r2025-07-15 00:00:00s2017-11-28v425.00yBB